| 000 | 01080cam a22002175a 4500 | ||
|---|---|---|---|
| 001 | L157715 | ||
| 008 | 130409s2013 xxk f 000 0 eng d | ||
| 020 | _a9780905018932 | ||
| 035 | _a(Sirsi) u157715 | ||
| 041 | 0 | _aeng | |
| 050 | 0 | 4 | _a306.3 |
| 100 | 1 | _aPawson, Hal | |
| 245 | 0 | 0 | _aUK housing review 2013 |
| 260 |
_aCoventry _bChartered Institute of Housing _c2013 |
||
| 300 |
_a256p. _c21cm |
||
| 520 | _aFocuses on a range of factors affecting housing in the UK including demographic changes, household trends, migration, stock condition, the growth of the private rented sector, the state of the owner-occupied sector, economic conditions and investment and expenditure. Comments on data on housing issues from the 2011 Census for England and Wales, data for Scotland and Northern Ireland was not available at time of publication. Compendium provides over a hundred tables of statistical data on housing issues. An abridged version is available at www.ukhousingreview.co.uk | ||
| 590 | _aKA | ||
| 651 | 4 |
_aUnited Kingdom _y |
|
| 700 | 1 | _aWilcox, Steve | |
| 942 | _n0 | ||
| 999 |
_c114931 _d114931 |
||